[Event "2023 National K-12 Grade Championships"]
[Site "Orlando, Florida, United States"]
[Date "2023.12.17"]
[Round "6.8"]
[White "Muthukumar, Haari"]
[Black "Mero, Daniel"]
[Result "1-0"]
[TimeControl "G/90;d10"]
[WhiteElo "2223"]
[BlackElo "2032"]

1. e4 {[%clk 01:26:20]} {[%emt 00:03:49]} c5 {[%clk 01:30:00]} {[%emt
00:00:01]} 2. Nf3 {[%clk 01:26:20]} {[%emt 00:00:07]} Nc6 {[%clk 01:30:00]}
{[%emt 00:00:03]} 3. d4 {[%clk 01:26:20]} {[%emt 00:00:06]} cxd4 {[%clk
01:30:00]} {[%emt 00:00:05]} 4. Nxd4 {[%clk 01:26:20]} {[%emt 00:00:03]} e5
{[%clk 01:30:00]} {[%emt 00:00:04]} 5. Nb5 {[%clk 01:26:20]} {[%emt 00:00:08]}
d6 {[%clk 01:30:00]} {[%emt 00:00:04]} 6. N1c3 {[%clk 01:26:20]} {[%emt
00:00:04]} a6 {[%clk 01:30:00]} {[%emt 00:00:04]} 7. Na3 {[%clk 01:26:20]}
{[%emt 00:00:08]} b5 {[%clk 01:30:00]} {[%emt 00:00:03]} 8. Nd5 {[%clk
01:26:20]} {[%emt 00:00:07]} Nge7 {[%clk 01:30:00]} {[%emt 00:00:03]} 9. Bd3
{[%clk 01:26:12]} {[%emt 00:00:18]} Nxd5 {[%clk 01:24:10]} {[%emt 00:06:00]} 10.
exd5 {[%clk 01:26:12]} {[%emt 00:00:07]} Ne7 {[%clk 01:24:05]} {[%emt
00:00:15]} 11. c4 {[%clk 01:25:09]} {[%emt 00:01:13]} g6 {[%clk 01:19:39]}
{[%emt 00:04:36]} 12. cxb5 {[%clk 01:21:46]} {[%emt 00:03:33]} Bg7 {[%clk
01:18:39]} {[%emt 00:01:09]} 13. bxa6 {[%clk 01:17:16]} {[%emt 00:04:41]} O-O
{[%clk 01:18:23]} {[%emt 00:00:26]} 14. O-O {[%clk 01:15:57]} {[%emt 00:01:29]}
Bxa6 {[%clk 01:15:42]} {[%emt 00:02:51]} 15. Bxa6 {[%clk 01:14:08]} {[%emt
00:01:59]} Rxa6 {[%clk 01:15:42]} {[%emt 00:00:02]} 16. Bg5 {[%clk 00:51:54]}
{[%emt 00:22:23]} f6 {[%clk 01:13:30]} {[%emt 00:02:23]} 17. Be3 {[%clk
00:51:36]} {[%emt 00:00:27]} Qa8 {[%clk 00:55:04]} {[%emt 00:18:37]} 18. Rc1
{[%clk 00:47:05]} {[%emt 00:04:41]} f5 {[%clk 00:40:57]} {[%emt 00:14:17]} 19.
Nb5 {[%clk 00:36:56]} {[%emt 00:10:19]} Nxd5 {[%clk 00:40:07]} {[%emt
00:00:59]} 20. Qb3 {[%clk 00:33:33]} {[%emt 00:03:33]} Kh8 {[%clk 00:40:02]}
{[%emt 00:00:15]} 21. Rfd1 {[%clk 00:32:59]} {[%emt 00:00:44]} Nxe3 {[%clk
00:39:47]} {[%emt 00:00:24]} 22. fxe3 {[%clk 00:31:14]} {[%emt 00:01:56]} Rb8
{[%clk 00:31:46]} {[%emt 00:08:11]} 23. Rc7 {[%clk 00:26:39]} {[%emt 00:04:45]}
Rc6 {[%clk 00:25:19]} {[%emt 00:06:37]} 24. Rd7 {[%clk 00:21:30]} {[%emt
00:05:17]} Rd8 {[%clk 00:16:46]} {[%emt 00:08:45]} 25. Ra7 {[%clk 00:20:00]}
{[%emt 00:01:41]} Qc8 {[%clk 00:16:34]} {[%emt 00:00:22]} 26. Qf7 {[%clk
00:19:04]} {[%emt 00:01:06]} Rg8 {[%clk 00:16:34]} {[%emt 00:00:02]} 27. Nxd6
{[%clk 00:16:35]} {[%emt 00:02:40]} Rxd6 {[%clk 00:16:28]} {[%emt 00:00:16]} 28.
Rxd6 {[%clk 00:16:35]} {[%emt 00:00:05]} Qc1+ {[%clk 00:15:46]} {[%emt
00:00:51]} 29. Kf2 {[%clk 00:16:35]} {[%emt 00:00:08]} Qxb2+ {[%clk 00:14:42]}
{[%emt 00:01:14]} 30. Ke1 {[%clk 00:14:04]} {[%emt 00:02:40]} Qc1+ {[%clk
00:12:50]} {[%emt 00:02:04]} 31. Rd1 {[%clk 00:12:32]} {[%emt 00:01:41]} Qxe3+
{[%clk 00:12:50]} {[%emt 00:00:08]} 32. Kf1 {[%clk 00:12:32]} {[%emt 00:00:08]}
Qf4+ {[%clk 00:11:46]} {[%emt 00:01:15]} 33. Kg1 {[%clk 00:12:31]} {[%emt
00:00:10]} Qe3+ {[%clk 00:11:46]} {[%emt 00:00:05]} 34. Kh1 {[%clk 00:12:27]}
{[%emt 00:00:13]} Qe2 {[%clk 00:11:46]} {[%emt 00:00:08]} 35. Rad7 {[%clk
00:12:10]} {[%emt 00:00:26]} e4 {[%clk 00:11:44]} {[%emt 00:00:13]} 36. Rd8
{[%clk 00:11:35]} {[%emt 00:00:45]} Qf1+ {[%clk 00:09:30]} {[%emt 00:02:24]} 37.
Rxf1 {[%clk 00:11:33]} {[%emt 00:00:11]} Rxd8 {[%clk 00:09:30]} {[%emt
00:00:03]} 38. Qe7 {[%clk 00:11:31]} {[%emt 00:00:12]} Rc8 {[%clk 00:09:16]}
{[%emt 00:00:24]} 39. Rd1 {[%clk 00:11:31]} {[%emt 00:00:09]} 1-0

[Event "2023 National K-12 Grade Championships"]
[Site "Orlando, Florida, United States"]
[Date "2023.12.17"]
[Round "6.9"]
[White "Slate, Kent"]
[Black "Ngo, Bach"]
[Result "0-1"]
[TimeControl "G/90;d10"]
[WhiteElo "2175"]
[BlackElo "2446"]

1. e4 {[%clk 01:29:07]} {[%emt 00:01:02]} e5 {[%clk 01:30:00]} {[%emt
00:00:06]} 2. Nf3 {[%clk 01:29:01]} {[%emt 00:00:17]} Nc6 {[%clk 01:30:00]}
{[%emt 00:00:05]} 3. Bc4 {[%clk 01:29:01]} {[%emt 00:00:04]} Bc5 {[%clk
01:28:22]} {[%emt 00:01:48]} 4. O-O {[%clk 01:28:44]} {[%emt 00:00:27]} Nf6
{[%clk 01:28:22]} {[%emt 00:00:10]} 5. d3 {[%clk 01:28:44]} {[%emt 00:00:09]}
d6 {[%clk 01:28:05]} {[%emt 00:00:25]} 6. c3 {[%clk 01:28:19]} {[%emt
00:00:37]} O-O {[%clk 01:27:49]} {[%emt 00:00:25]} 7. h3 {[%clk 01:27:00]}
{[%emt 00:01:30]} Bb6 {[%clk 01:27:21]} {[%emt 00:00:37]} 8. Re1 {[%clk
01:25:06]} {[%emt 00:02:06]} Ne7 {[%clk 01:27:14]} {[%emt 00:00:16]} 9. d4
{[%clk 01:23:47]} {[%emt 00:01:29]} Ng6 {[%clk 01:26:44]} {[%emt 00:00:38]} 10.
a4 {[%clk 01:23:14]} {[%emt 00:00:44]} c6 {[%clk 01:26:26]} {[%emt 00:00:28]}
11. dxe5 {[%clk 01:18:47]} {[%emt 00:04:38]} Nxe5 {[%clk 01:26:19]} {[%emt
00:00:16]} 12. Nxe5 {[%clk 01:17:09]} {[%emt 00:01:49]} dxe5 {[%clk 01:26:19]}
{[%emt 00:00:04]} 13. Qe2 {[%clk 01:16:24]} {[%emt 00:00:55]} a5 {[%clk
01:24:07]} {[%emt 00:02:21]} 14. Nd2 {[%clk 01:13:44]} {[%emt 00:02:51]} Qe7
{[%clk 01:21:29]} {[%emt 00:02:48]} 15. Nf1 {[%clk 01:11:04]} {[%emt 00:02:50]}
Ne8 {[%clk 01:19:42]} {[%emt 00:01:56]} 16. Ng3 {[%clk 01:07:44]} {[%emt
00:03:31]} Nd6 {[%clk 01:18:17]} {[%emt 00:01:34]} 17. Ba2 {[%clk 01:05:05]}
{[%emt 00:02:50]} Re8 {[%clk 01:16:54]} {[%emt 00:01:31]} 18. Be3 {[%clk
01:02:21]} {[%emt 00:02:56]} Bxe3 {[%clk 01:15:25]} {[%emt 00:01:38]} 19. Qxe3
{[%clk 01:02:21]} {[%emt 00:00:07]} Be6 {[%clk 01:15:23]} {[%emt 00:00:11]} 20.
Qc5 {[%clk 00:58:35]} {[%emt 00:03:56]} Bxa2 {[%clk 01:12:05]} {[%emt
00:03:28]} 21. Rxa2 {[%clk 00:58:15]} {[%emt 00:00:31]} Qe6 {[%clk 01:12:05]}
{[%emt 00:00:06]} 22. Raa1 {[%clk 00:57:55]} {[%emt 00:00:30]} Nc4 {[%clk
01:11:08]} {[%emt 00:01:08]} 23. b3 {[%clk 00:52:16]} {[%emt 00:05:50]} Nd2
{[%clk 01:10:32]} {[%emt 00:00:45]} 24. Rad1 {[%clk 00:51:11]} {[%emt
00:01:15]} Nxb3 {[%clk 01:05:11]} {[%emt 00:05:31]} 25. Qb6 {[%clk 00:50:47]}
{[%emt 00:00:34]} g6 {[%clk 01:02:33]} {[%emt 00:02:48]} 26. Nf1 {[%clk
00:47:38]} {[%emt 00:03:19]} Ra6 {[%clk 00:58:20]} {[%emt 00:04:21]} 27. Qxb7
{[%clk 00:47:15]} {[%emt 00:00:34]} Nc5 {[%clk 00:58:20]} {[%emt 00:00:05]} 28.
Qc7 {[%clk 00:46:46]} {[%emt 00:00:40]} Nxa4 {[%clk 00:54:57]} {[%emt
00:03:32]} 29. Re3 {[%clk 00:35:22]} {[%emt 00:11:35]} Nc5 {[%clk 00:53:35]}
{[%emt 00:01:31]} 30. Rd8 {[%clk 00:32:38]} {[%emt 00:02:56]} a4 {[%clk
00:52:18]} {[%emt 00:01:25]} 31. Qb8 {[%clk 00:28:28]} {[%emt 00:04:21]} Kf8
{[%clk 00:43:50]} {[%emt 00:08:37]} 32. Ng3 {[%clk 00:28:03]} {[%emt 00:00:36]}
a3 {[%clk 00:39:44]} {[%emt 00:04:16]} 33. Nf5 {[%clk 00:27:56]} {[%emt
00:00:16]} Nd7 {[%emt 00:09:43]} 34. Qb4+ {[%clk 00:20:53]} c5 {[%clk
00:35:57]} {[%emt 00:01:37]} 35. Rxe8+ {[%clk 00:20:51]} {[%emt 00:00:13]} Qxe8
{[%clk 00:35:57]} {[%emt 00:00:08]} 36. Qb7 {[%clk 00:20:12]} {[%emt 00:00:49]}
Rb6 {[%clk 00:35:11]} {[%emt 00:00:56]} 37. Qa7 {[%clk 00:20:12]} {[%emt
00:00:04]} gxf5 {[%clk 00:34:58]} {[%emt 00:00:21]} 38. exf5 {[%clk 00:20:04]}
{[%emt 00:00:19]} Qc8 {[%clk 00:26:28]} {[%emt 00:08:40]} 39. Qxa3 {[%clk
00:19:19]} {[%emt 00:00:55]} Qa6 {[%clk 00:26:28]} {[%emt 00:00:05]} 40. Qc1
{[%clk 00:18:05]} {[%emt 00:01:25]} Rd6 {[%clk 00:25:42]} {[%emt 00:00:55]} 41.
Kh2 {[%clk 00:16:30]} {[%emt 00:01:45]} Qc4 {[%clk 00:24:53]} {[%emt 00:00:58]}
42. Rf3 {[%clk 00:14:54]} {[%emt 00:01:47]} h6 {[%clk 00:24:11]} {[%emt
00:00:52]} 43. Qe3 {[%clk 00:11:58]} {[%emt 00:03:06]} Ke7 {[%clk 00:24:05]}
{[%emt 00:00:15]} 44. g4 {[%clk 00:09:43]} {[%emt 00:02:25]} Kd8 {[%clk
00:23:20]} {[%emt 00:00:55]} 45. f6 {[%clk 00:07:12]} {[%emt 00:02:42]} Rxf6
{[%clk 00:21:40]} {[%emt 00:01:50]} 46. Rxf6 {[%clk 00:07:10]} {[%emt
00:00:13]} Nxf6 {[%clk 00:21:40]} {[%emt 00:00:01]} 47. Qxe5 {[%clk 00:07:10]}
{[%emt 00:00:09]} Nd7 {[%clk 00:20:43]} {[%emt 00:01:07]} 48. Qe3 {[%clk
00:05:12]} {[%emt 00:02:08]} Qe6 {[%clk 00:20:38]} {[%emt 00:00:15]} 49. Qf3
{[%clk 00:05:12]} {[%emt 00:00:10]} Ke7 {[%clk 00:20:24]} {[%emt 00:00:24]} 50.
Kg1 {[%clk 00:04:46]} {[%emt 00:00:36]} Kf8 {[%clk 00:20:11]} {[%emt 00:00:22]}
51. Kf1 {[%clk 00:03:54]} {[%emt 00:01:03]} Kg7 {[%clk 00:20:11]} {[%emt
00:00:05]} 52. Qf4 {[%clk 00:03:18]} {[%emt 00:00:46]} Ne5 {[%clk 00:20:11]}
{[%emt 00:00:09]} 53. Qg3 {[%clk 00:02:34]} {[%emt 00:00:55]} Qc4+ {[%clk
00:20:11]} {[%emt 00:00:10]} 54. Kg1 {[%clk 00:02:34]} {[%emt 00:00:03]} Qe4
{[%clk 00:20:11]} {[%emt 00:00:04]} 55. f4 {[%clk 00:02:13]} {[%emt 00:00:31]}
Nd3 {[%clk 00:20:01]} {[%emt 00:00:20]} 56. f5 {[%clk 00:01:58]} {[%emt
00:00:25]} Nf4 {[%clk 00:20:01]} {[%emt 00:00:06]} 0-1

[Event "2023 National K-12 Grade Championships"]
[Site "Orlando, Florida, United States"]
[Date "2023.12.17"]
[Round "6.10"]
[White "Gao, Marvin"]
[Black "Safranek, William"]
[Result "1-0"]
[TimeControl "G/90;d10"]
[WhiteElo "2306"]
[BlackElo "2149"]

1. e4 {[%clk 01:30:00]} {[%emt 00:00:06]} e5 {[%clk 01:30:00]} {[%emt
00:00:08]} 2. Nf3 {[%clk 01:30:00]} {[%emt 00:00:09]} Nc6 {[%clk 01:30:00]}
{[%emt 00:00:05]} 3. Bb5 {[%clk 01:29:53]} {[%emt 00:00:17]} f5 {[%clk
01:30:00]} {[%emt 00:00:09]} 4. d3 {[%clk 01:28:39]} {[%emt 00:01:23]} fxe4
{[%clk 01:30:00]} {[%emt 00:00:04]} 5. dxe4 {[%clk 01:28:39]} {[%emt 00:00:09]}
Nf6 {[%clk 01:30:00]} {[%emt 00:00:03]} 6. O-O {[%clk 01:28:13]} {[%emt
00:00:35]} Bc5 {[%clk 01:30:00]} {[%emt 00:00:04]} 7. Bxc6 {[%clk 01:26:57]}
{[%emt 00:01:26]} bxc6 {[%clk 01:30:00]} {[%emt 00:00:04]} 8. Nxe5 {[%clk
01:26:57]} {[%emt 00:00:04]} O-O {[%clk 01:30:00]} {[%emt 00:00:04]} 9. Nc3
{[%clk 01:26:41]} {[%emt 00:00:26]} d6 {[%clk 01:30:00]} {[%emt 00:00:03]} 10.
Nd3 {[%clk 01:26:24]} {[%emt 00:00:26]} Bd4 {[%clk 01:27:55]} {[%emt 00:02:17]}
11. Ne2 {[%clk 01:25:48]} {[%emt 00:00:45]} Bb6 {[%clk 01:26:42]} {[%emt
00:01:24]} 12. Bg5 {[%clk 01:24:26]} {[%emt 00:01:31]} Qe8 {[%clk 01:26:08]}
{[%emt 00:00:44]} 13. Bxf6 {[%clk 01:23:50]} {[%emt 00:00:46]} Rxf6 {[%clk
01:26:08]} {[%emt 00:00:04]} 14. Ng3 {[%clk 01:23:37]} {[%emt 00:00:23]} Ba6
{[%clk 01:22:21]} {[%emt 00:03:58]} 15. b3 {[%clk 01:14:24]} {[%emt 00:09:22]}
d5 {[%clk 00:57:11]} {[%emt 00:25:20]} 16. exd5 {[%clk 01:04:50]} {[%emt
00:09:43]} cxd5 {[%clk 00:56:36]} {[%emt 00:00:46]} 17. Qd2 {[%clk 01:04:47]}
{[%emt 00:00:11]} Qf7 {[%clk 00:38:36]} {[%emt 00:18:11]} 18. a4 {[%clk
00:41:15]} {[%emt 00:23:41]} Rf8 {[%clk 00:36:12]} {[%emt 00:02:34]} 19. Ra2
{[%clk 00:39:42]} {[%emt 00:01:44]} Qe6 {[%clk 00:30:19]} {[%emt 00:06:03]} 20.
Nh1 {[%clk 00:32:58]} {[%emt 00:06:53]} Qe4 {[%clk 00:24:18]} {[%emt 00:06:12]}
21. Re1 {[%clk 00:29:04]} {[%emt 00:04:04]} Qh4 {[%clk 00:12:06]} {[%emt
00:12:22]} 22. a5 {[%clk 00:27:31]} {[%emt 00:01:42]} Bd4 {[%clk 00:08:07]}
{[%emt 00:04:09]} 23. c3 {[%clk 00:15:36]} {[%emt 00:12:05]} Rh6 {[%clk
00:06:15]} {[%emt 00:02:02]} 24. h3 {[%clk 00:13:38]} {[%emt 00:02:07]} Bf6
{[%clk 00:03:48]} {[%emt 00:02:38]} 25. Nc5 {[%clk 00:13:03]} {[%emt 00:00:45]}
Bg5 {[%clk 00:00:39]} {[%emt 00:03:19]} 26. Qxd5+ {[%clk 00:12:50]} {[%emt
00:00:22]} Kh8 {[%clk 00:00:39]} {[%emt 00:00:04]} 27. Ne6 {[%clk 00:11:25]}
{[%emt 00:01:34]} Re8 {[%clk 00:00:39]} {[%emt 00:00:02]} 28. Qc6 {[%clk
00:11:20]} {[%emt 00:00:15]} 1-0

[Event "2023 National K-12 Grade Championships"]
[Site "Orlando, Florida, United States"]
[Date "2023.12.17"]
[Round "6.11"]
[White "Shukla, Aniket"]
[Black "Zhang, Roger"]
[Result "1/2-1/2"]
[TimeControl "G/90;d10"]
[WhiteElo "2186"]
[BlackElo "2214"]

1. e4 {[%clk 01:30:00]} {[%emt 00:00:08]} e5 {[%clk 01:30:00]} {[%emt
00:00:04]} 2. Nf3 {[%clk 01:30:00]} {[%emt 00:00:06]} Nc6 {[%clk 01:30:00]}
{[%emt 00:00:02]} 3. Nc3 {[%clk 01:28:25]} {[%emt 00:01:45]} Nf6 {[%clk
01:26:55]} {[%emt 00:03:16]} 4. a3 {[%clk 01:28:07]} {[%emt 00:00:28]} Bc5
{[%clk 01:19:11]} {[%emt 00:07:54]} 5. Nxe5 {[%clk 01:26:49]} {[%emt 00:01:28]}
Nxe5 {[%clk 01:17:34]} {[%emt 00:01:48]} 6. d4 {[%clk 01:26:49]} Bxd4 {[%clk
01:16:40]} {[%emt 00:01:05]} 7. Qxd4 {[%clk 01:26:49]} {[%emt 00:00:02]} d6
{[%clk 01:15:51]} {[%emt 00:00:59]} 8. Bg5 {[%clk 01:20:44]} {[%emt 00:06:14]}
h6 {[%clk 01:10:24]} {[%emt 00:05:39]} 9. Bh4 {[%clk 01:16:49]} {[%emt
00:04:03]} Nc6 {[%clk 01:05:58]} {[%emt 00:04:38]} 10. Qd2 {[%clk 01:09:26]}
{[%emt 00:07:32]} Be6 {[%clk 00:45:45]} {[%emt 00:20:23]} 11. Bg3 {[%clk
01:06:47]} {[%emt 00:02:48]} Nh5 {[%clk 00:42:08]} {[%emt 00:03:49]} 12. O-O-O
{[%clk 01:06:00]} {[%emt 00:00:56]} Qd7 {[%clk 00:39:33]} {[%emt 00:02:46]} 13.
f4 {[%clk 01:04:27]} {[%emt 00:01:43]} Nxg3 {[%clk 00:37:02]} {[%emt 00:02:42]}
14. hxg3 {[%clk 01:04:16]} {[%emt 00:00:20]} f6 {[%clk 00:36:09]} {[%emt
00:01:04]} 15. Qf2 {[%clk 01:01:12]} {[%emt 00:03:13]} a6 {[%clk 00:32:42]}
{[%emt 00:03:37]} 16. Be2 {[%clk 00:53:44]} {[%emt 00:07:37]} O-O-O {[%clk
00:30:55]} {[%emt 00:01:58]} 17. Bf3 {[%clk 00:52:13]} {[%emt 00:01:39]} Kb8
{[%clk 00:27:43]} {[%emt 00:03:24]} 18. Rhe1 {[%clk 00:51:50]} {[%emt
00:00:32]} Bg4 {[%clk 00:22:03]} {[%emt 00:05:51]} 19. Nd5 {[%clk 00:47:11]}
{[%emt 00:04:48]} Bxf3 {[%clk 00:19:51]} {[%emt 00:02:23]} 20. gxf3 {[%clk
00:45:47]} {[%emt 00:01:33]} Ne7 {[%clk 00:19:13]} {[%emt 00:00:49]} 21. Nc3
{[%clk 00:41:31]} {[%emt 00:04:25]} Qc6 {[%clk 00:17:53]} {[%emt 00:01:31]} 22.
Rd2 {[%clk 00:38:38]} {[%emt 00:03:03]} Rde8 {[%clk 00:15:25]} {[%emt
00:02:38]} 23. Red1 {[%clk 00:35:48]} {[%emt 00:02:59]} Ng6 {[%emt 00:03:06]}
24. Nd5 {[%clk 00:34:24]} {[%emt 00:01:32]} Ne7 {[%clk 00:11:30]} {[%emt
00:01:12]} 25. Nc3 {[%clk 00:31:55]} {[%emt 00:02:38]} Nc8 {[%clk 00:11:00]}
{[%emt 00:00:41]} 26. Nd5 {[%clk 00:26:10]} {[%emt 00:05:54]} Ne7 {[%clk
00:11:00]} {[%emt 00:00:07]} 27. Nc3 {[%clk 00:19:52]} {[%emt 00:06:28]} Nc8
{[%clk 00:11:00]} {[%emt 00:00:03]} 1/2-1/2

[Event "2023 National K-12 Grade Championships"]
[Site "Orlando, Florida, United States"]
[Date "2023.12.17"]
[Round "6.12"]
[White "Hardaway, Brewington"]
[Black "Bruni, Xavier"]
[Result "1-0"]
[TimeControl "G/90;d10"]
[WhiteElo "2457"]
[BlackElo "1991"]

1. Nf3 {[%clk 01:30:00]} {[%emt 00:00:01]} Nf6 {[%clk 01:30:00]} {[%emt
00:00:04]} 2. g3 {[%clk 01:30:00]} {[%emt 00:00:07]} g6 {[%clk 01:30:00]}
{[%emt 00:00:03]} 3. Bg2 {[%clk 01:29:52]} {[%emt 00:00:18]} Bg7 {[%clk
01:30:00]} {[%emt 00:00:05]} 4. b3 {[%clk 01:29:52]} {[%emt 00:00:04]} O-O
{[%clk 01:30:00]} {[%emt 00:00:05]} 5. Bb2 {[%clk 01:29:52]} {[%emt 00:00:03]}
d6 {[%clk 01:30:00]} {[%emt 00:00:05]} 6. d4 {[%clk 01:29:45]} {[%emt
00:00:17]} c5 {[%clk 01:28:11]} {[%emt 00:02:00]} 7. O-O {[%clk 01:29:09]}
{[%emt 00:00:46]} Bf5 {[%clk 01:27:42]} {[%emt 00:00:39]} 8. c4 {[%clk
01:27:50]} {[%emt 00:01:29]} cxd4 {[%clk 01:14:12]} {[%emt 00:13:41]} 9. Nxd4
{[%clk 01:27:45]} {[%emt 00:00:14]} Be4 {[%clk 01:14:12]} {[%emt 00:00:06]} 10.
f3 {[%clk 01:08:40]} {[%emt 00:19:16]} Bxb1 {[%clk 01:14:07]} {[%emt 00:00:14]}
11. Rxb1 {[%clk 01:03:38]} {[%emt 00:05:13]} e5 {[%clk 01:06:07]} {[%emt
00:08:09]} 12. Nb5 {[%clk 01:00:50]} {[%emt 00:02:58]} Qb6+ {[%clk 01:05:57]}
{[%emt 00:00:20]} 13. Kh1 {[%clk 01:00:50]} {[%emt 00:00:06]} Rd8 {[%clk
01:05:57]} {[%emt 00:00:09]} 14. e4 {[%clk 01:00:11]} {[%emt 00:00:49]} Ne8
{[%clk 01:03:56]} {[%emt 00:02:11]} 15. Qd2 {[%clk 00:56:59]} {[%emt 00:03:22]}
Nc6 {[%clk 00:50:50]} {[%emt 00:13:15]} 16. Rbd1 {[%clk 00:54:39]} {[%emt
00:02:30]} a6 {[%clk 00:49:24]} {[%emt 00:01:37]} 17. Nc3 {[%clk 00:54:18]}
{[%emt 00:00:31]} Nc7 {[%clk 00:48:58]} {[%emt 00:00:35]} 18. f4 {[%clk
00:47:49]} {[%emt 00:06:39]} Ne6 {[%clk 00:36:11]} {[%emt 00:12:57]} 19. Nd5
{[%clk 00:47:03]} {[%emt 00:00:56]} Qa7 {[%clk 00:35:06]} {[%emt 00:01:15]} 20.
f5 {[%clk 00:46:26]} {[%emt 00:00:47]} Ned4 {[%clk 00:34:32]} {[%emt 00:00:44]}
21. Qg5 {[%clk 00:42:17]} {[%emt 00:04:18]} h6 {[%clk 00:27:47]} {[%emt
00:06:55]} 22. Qg4 {[%clk 00:41:22]} {[%emt 00:01:04]} b5 {[%clk 00:09:30]}
{[%emt 00:18:28]} 23. fxg6 {[%clk 00:41:12]} {[%emt 00:00:19]} fxg6 {[%clk
00:09:26]} {[%emt 00:00:14]} 24. Qxg6 {[%clk 00:41:12]} {[%emt 00:00:10]} Kh8
{[%clk 00:09:08]} {[%emt 00:00:28]} 25. Rf7 {[%clk 00:41:12]} {[%emt 00:00:04]}
Qxf7 {[%clk 00:08:58]} {[%emt 00:00:20]} 26. Qxf7 {[%clk 00:41:12]} {[%emt
00:00:04]} Rf8 {[%clk 00:08:58]} {[%emt 00:00:05]} 27. Qg6 {[%clk 00:41:12]}
{[%emt 00:00:05]} Rae8 {[%clk 00:08:05]} {[%emt 00:01:05]} 28. cxb5 {[%clk
00:41:08]} {[%emt 00:00:15]} axb5 {[%clk 00:08:04]} {[%emt 00:00:11]} 29. Bh3
{[%clk 00:40:59]} {[%emt 00:00:18]} Ne2 {[%clk 00:07:30]} {[%emt 00:00:43]} 30.
Bf5 {[%clk 00:40:59]} {[%emt 00:00:10]} Rxf5 {[%clk 00:07:17]} {[%emt
00:00:23]} 31. exf5 {[%clk 00:40:59]} {[%emt 00:00:04]} Rg8 {[%clk 00:06:18]}
{[%emt 00:01:08]} 32. Nf6 {[%clk 00:40:59]} {[%emt 00:00:04]} 1-0